000 00472 a2200157 4500
020 _a9780470589489
040 _aDLC
_bDLC
082 0 0 _a537
100 _a Balanis, Constantine A.
245 1 0 _aAdvanced engineering electromagnetics
_cConstantine A. Balanis.
250 _a2nd ed.
260 _aHoboken, N.J. :
_bJohn Wiley & Sons,
_cc2012.
300 _axx, 1018 p. :
_bill. ;
_c27 cm. +
_e1 web registration card
650 0 _aElectromagnetism.
942 _cBK
_k537 BAL
_2ddc
999 _c10772
_d10772